Rapport annuel 2008 : L'economie mondiale au service de tous.

Le rapport annuel 2008 au Conseil des gouverneurs examine les activites et les politiques du FMI au cours de l'exercice ecoule (du 1er mai 2007 au 30 avril 2008). Il comporte cinq chapitres : 1) Vue d'ensemble : le recentrage de l'activite du FMI ; 2) Evolution de l'economie et d...

Fuld beskrivelse

Bibliografiske detaljer
Institution som forfatter: International Monetary Fund
Format: Tidsskrift
Sprog:English
Udgivet: Washington, D.C. : International Monetary Fund, 2008.
Serier:Annual Report of the Executive Board; Annual Report of the Executive Board ; No. 2008/001
Online adgang:Full text available on IMF
LEADER 01811cas a2200241 a 4500
001 AALejournalIMF010902
008 230101c9999 xx r poo 0 0eng d
020 |z 9781589067691 
022 |a 0250-7501 
040 |a BD-DhAAL  |c BD-DhAAL 
110 2 |a International Monetary Fund. 
240 1 0 |a Rapport annuel 2008: L'economie mondiale au service de tous.  |l French 
245 1 0 |a Rapport annuel 2008 :   |b L'economie mondiale au service de tous. 
264 1 |a Washington, D.C. :  |b International Monetary Fund,  |c 2008. 
300 |a 1 online resource (89 pages) 
490 1 |a Annual Report of the Executive Board 
500 |a <strong>Off-Campus Access:</strong> No User ID or Password Required 
500 |a <strong>On-Campus Access:</strong> No User ID or Password Required 
506 |a Electronic access restricted to authorized BRAC University faculty, staff and students 
520 3 |a Le rapport annuel 2008 au Conseil des gouverneurs examine les activites et les politiques du FMI au cours de l'exercice ecoule (du 1er mai 2007 au 30 avril 2008). Il comporte cinq chapitres : 1) Vue d'ensemble : le recentrage de l'activite du FMI ; 2) Evolution de l'economie et des marches financiers mondiaux ; 3) La surveillance pour promouvoir la stabilite macroeconomique et financieres ainsi que la croissance ; 4) Appui au programme et renforcement des capacites ; 5) Gouvernance, organisation et finances. Les etats financiers complets de l'exercice, d'autres appendices et des documents completant le texte sont fournis sur CD-ROM. 
538 |a Mode of access: Internet 
830 0 |a Annual Report of the Executive Board; Annual Report of the Executive Board ;  |v No. 2008/001 
856 4 0 |z Full text available on IMF  |u http://elibrary.imf.org/view/books/011/09385-9781589067691-fr/09385-9781589067691-fr-book.xml  |z IMF e-Library